Normal view
MARC view
Entry Personal Name
001 - CONTROL NUMBER
- control field: 56735
003 - CONTROL NUMBER IDENTIFIER
- control field: dpl
005 - DATE AND TIME OF LATEST TRANSACTION
- control field: 20230915151711.0
008 - FIXED-LENGTH DATA ELEMENTS
- fixed length control field: 230915|| aca||aabn | a|a d
040 ## - CATALOGING SOURCE
- Original cataloging agency: dpl
- Transcribing agency: dpl
100 ## - HEADING--PERSONAL NAME
- Personal name: प्रेमचंद मुंशी
670 ## - SOURCE DATA FOUND
- Source citation: Work cat.: (dpl)198216: प्रेमचंद मुंशी, नारी स्वास्थ्य चिंता और चेतना/, 2020
